000 00388nam a22001457a 4500
005 20240108112933.0
008 190405b xxu||||| |||| 00| 0 eng d
020 _a978-93-51646-24-2
041 _aeng
100 _aPATEL, MS PRIYA ,.JANI,AASHKA, AND BAGADA,HINA
_98282
245 _aA TEXT BOOK OF BIO PHARMACEUTICS
260 _aPUNE
_bNIRALI PRAKASHAN
300 _aR.2p,
942 _cBK
999 _c5809
_d5807